00451nam a2200157 a 4500008004100000050001500041100004300056245002200099246001900121260003000140300002200170350000900192650004500201650001300246650003400259120416s1968 ||||||||||||||||| || u aDT 446 Nye aNyerere, Julius Kambarage, Pres. 1964-10aFreedom and unity aUhuru na Umoja aDar Es Salaam:bOUPc1968 axvi, 422p. : ill. a0.00 aTANZANIA--POLITICS AND GOVERNMENT--1964- aTANZANIA aTANZANIA--ONE-PARTY DEMOCRACY